000 01408nam a2200229Ia 4500
001 18551
003 GE_BSU
008 181216s||||||||xx |||||||||||||| ||und||
010 _aISBN:9789941409639
040 _cGE_BSU
080 _a61(063)
245 _aშავი ზღვის აუზის ქვეყნების მედიკოს სტუდენტთა და პროფესორ-მასწავლებელთა შრომათა კრებული:COLLECTION OF WORKS of the medical students and doctors of the black sea region.
245 _cრედ:ალ.ბაკურიძე.სარედ.კოლ:გ.ცეცხლაძე,შ.ვაშაძე,გ.დუმბაძე და სხვ.
250 _aშოთა რუსთაველის სახელმწიფო უნ-ტი,ჯანდაცვის ფაკულტეტი
260 _aბათუმი.
260 _bშოთა რუსთაველის უნიტის გამ-ბა
260 _c2009
300 _a224გვ;26სმ.
653 _aმედიცინა
653 _aშავი ზღვის აუზის ქვეყნების მედიკოს სტუდენტთა და პროფესორ-მასწავლებელთა შრომათა კრებული
942 _cBK
999 _c51560
_d51560